| 000 | 00535nam a22001937a 4500 | ||
|---|---|---|---|
| 003 | UA-OsUOA | ||
| 001 | 43758 | ||
| 007 | ta | ||
| 008 | 20091028b un ||||| |||| 00| 0 ukr d | ||
| 090 | _a94(477).07 | ||
| 942 | _cAV | ||
| 040 |
_aUA-OsUOA _beng _cUA-OsUOA _dUA-OsUOA |
||
| 245 | _aExhibit Holodomor: Genocide by Famine and International Remembrance Flame, Toronto, April 18, 2008 | ||
| 955 | _a4 | ||
| 041 | _aeng | ||
| 080 | _a94(477).07 | ||
| 650 | 7 |
_a9 Географія. Біографії. Історія _2UDC |
|
| 999 |
_c442232 _d442232 |
||